00786nam a22002177a 450000500170000001000140001702000110003103500130004203700130005508200080006810000280007624501050010426000530020927000410026230000310030365000320033465000300036694200220039699900170041895201330043520100802140851.0 aENG-97572 c500.00 aEN-81105 bDBAD/PUB a590 aMishra, Rama Kant94207 aNature and wildlife:ba country note book of real life stories and adventures /cby Rama Kant Mishra aOrissabDakshyeshwar Memorial Foundationc(200?) aAthmalik (Mallapur)bOrissae2533022 ax,468p.:bill.c24cm (pbk) aWildlife Conservation94208 aNature Conservation94209 2ddccENh590mMIS c38660d38660 001040718NFICaDBADbDBADd2010-08-02eDBAD/PUBg500.00l0o590 MISpEN-81105r2010-08-02 00:00:00t1v500.00w2010-08-02yEN